sch - mac 11 - paroles - Statistiques

Statistiques générales
  • Ce quiz a été pris 81 fois
  • Le résultat moyen est 263 sur 499
Statistiques - réponses
Hint Réponse % Correct
à
98%
a
98%
ma
95%
le
91%
la
89%
89%
on
89%
de
82%
j'ai
79%
dans
77%
des
77%
es'
77%
je
77%
est
75%
paroles les
75%
pas
75%
et
74%
l'eau
74%
mes
72%
mec
70%
sur
70%
tout
70%
trois
70%
nous
68%
ont
68%
BM
67%
pour
67%
tes
67%
t'es
67%
arbres
65%
mon
65%
l'automne
63%
maigri
63%
nom
63%
un
63%
avoir
61%
lèvres
61%
longue
61%
Longue
61%
putain
61%
qui
61%
si
61%
sont
61%
temps
61%
vie
61%
j'fais
60%
en
56%
été
56%
neufs
56%
gars
54%
leur
54%
l'ombre
54%
vrais
54%
c'est
53%
flingues
53%
j'passerai
53%
perdu
53%
ta
53%
t'voir
53%
veille
53%
passent
51%
potes
51%
tête
51%
elle
49%
leurs
49%
d'habits
47%
fait
47%
j'suis
47%
m'attendrir
47%
oh
47%
rien
47%
tombés
47%
ici
46%
oui
46%
putains
46%
ai
44%
crois
44%
j'en
44%
liqui-
44%
loyal
44%
Loyal
44%
teille
44%
une
44%
roue
42%
joue
40%
sous
40%
trouvé
40%
dream
39%
du
39%
jamais
39%
l'souvenir
39%
plus
39%
seul
39%
y
39%
comme
37%
larme
37%
loi
37%
l'quart
37%
paye
37%
souvenir
37%
j'avais
35%
liquide
35%
parle
35%
flic
33%
froc
33%
j'empile
33%
pussy
33%
rêves
33%
11
32%
bandant
32%
espagnol
32%
français
32%
japo
32%
j'ferai
32%
moi
32%
que
32%
anglais
30%
grands
30%
j'aime
30%
magie
30%
marine
30%
trop
30%
tu
30%
verra
30%
vivra
30%
dix
28%
d'la
28%
d'Mac
28%
panamera
28%
voit
28%
brille
26%
CB
26%
contrat
26%
couper
26%
homme
26%
ils
26%
l'bleu
26%
prend
26%
quart
26%
soldats
26%
tomber
26%
astres
25%
avec
25%
briques
25%
j'veux
25%
quand
25%
blanche
23%
chemise
23%
repea
23%
riche
23%
touriste
23%
code
21%
l'hexagone
21%
qu'un
21%
repeat
21%
yeux
21%
c'était
19%
émeraude
19%
gants
19%
grande
19%
peu
19%
qu'ils
19%
seront
19%
t'avais
19%
verts
19%
bordel
18%
charmants
18%
drôle
18%
rollie
18%
vont
18%
aménagée
16%
c'que
16%
grandi
16%
j'connais
16%
kitch
16%
principes
16%
tass-pé
16%
ceux
14%
d'viendront
14%
j't'aimerais
14%
neige
14%
plier
14%
reprendre
14%
rode
14%
viennent
14%
aiment
12%
Ali G
12%
bébé
12%
construire
12%
des élèves
12%
j'vais
12%
minuit
12%
passerai
12%
pis
12%
sang
12%
tant
12%
chèques
11%
draps
11%
prends
11%
cartes
9%
doigt
9%
love
9%
skuh
9%
sueur
9%
trouver
9%
halls
7%
Heetch
7%
sommes
7%
t'marier
7%
cris
5%
tits-pe
5%
whip-it
5%
gobes
4%
pleurs
4%
Aucun quiz correspondant
Distribution des résultats
% des personnes avec chaque résultat
Percentile par nombre de réponses
Votre historique - résultats
Vous n’avez pas pris ce quiz